Statistics for Will Ferrell Movies Quiz

Click here to take the quiz!

General Stats

  • This quiz has been taken 30,607 times
    (22,373 since last reset)
  • The average score is 9 of 15

Answer Stats

DescriptionMovie% Correct
Mustachioed 1970s newsman falls into depression after his dog is punted off a bridgeAnchorman
95%
One of Santa's helpers travels to NYC to meet his biological fatherElf
95%
Adult losers become brothers when their parents marry each otherStep Brothers
89%
NASCAR driver is challenged by an effete FrenchmanTalladega Nights
76%
Interlopers attend weddings - and funerals - for the purpose of seducing womenWedding Crashers
76%
Rival male figure skaters join forces and compete as a pairBlades of Glory
73%
Evil fashion designer conspires to assassinate the Prime Minister of MalaysiaZoolander
72%
Thirty-somethings form a college fraternity that is open to men of all agesOld School
61%
Trigger-happy cop shoots Derek Jeter and has a partner who compares himself to a tunaThe Other Guys
54%
Man and his father are rival youth soccer coachesKicking & Screaming
46%
Basketball team from Flint, Michigan has a chance to become part of the NBASemi-Pro
45%
Two sexuallly-agressive brothers strive to gain admittance to an exclusive nightclubA Night at the Roxbury
42%
Baby-punching congressman faces a naive challenger backed by evil billionairesThe Campaign
41%
Hapless actor is the victim of a witch's love spellsBewitched
39%
A man's entire life is narrated by a British authorStranger Than Fiction
24%

Score Distribution

Percentile by Number Answered

Percent of People with Each Score

Your Score History

You have not taken this quiz since the last reset